Statistics for Random Airline to Country

Click here to take the quiz!

General Stats

  • This quiz has been taken 100 times
  • The average score is 12 of 16

Answer Stats

AirlineCountry% Correct
Qantas AirwaysAustralia
100%
BahrainBahrain
100%
Brussels AirlinesBelgium
100%
Xiamen AirlinesChina
100%
Cathay DragonChina
100%
Shanghai AirlinesChina
100%
Cathay PacificChina
100%
EgyptairEgypt
100%
FinnairFinland
100%
French beeFrance
100%
LufthansaGermany
100%
AegeanGreece
100%
IcelandairIceland
100%
IndiGoIndia
100%
RyanAirIreland
100%
Aer LingusIreland
100%
El AlIsrael
100%
All Nippon AirwaysJapan
100%
AeroméxicoMexico
100%
Royal Air MarocMorocco
100%
LOTPoland
100%
TAPPortugal
100%
AeroflotRussia
100%
RwandAirRwanda
100%
SaudiaSaudi Arabia
100%
Singapore AirlinesSingapore
100%
Jetstar AsiaSingapore
100%
IberiaSpain
100%
SWISSSwitzerland
100%
Thai AirwaysThailand
100%
Bangkok AirwaysThailand
100%
flydubaiUnited Arab Emirates
100%
EmiratesUnited Arab Emirates
100%
British AirwaysUnited Kingdom
100%
Virgin AtlanticUnited Kingdom
100%
Air BalticLatvia, Estonia, Lithuania
80%
Delta Air LinesUnited States
80%
Air VanuatuVanuatu
80%
AviancaColombia
75%
Air Tahiti NuiFrance
75%
InterjetMexico
75%
Cebu PacificPhilippines
75%
Jetstar AirwaysAustralia, New Zealand
67%
LuxairLuxembourg
67%
Air AsiaMalaysia
67%
SASNorway, Denmark, Sweden
67%
Edelweiss AirSwitzerland
67%
Etihad AirwaysUnited Arab Emirates
67%
AlitaliaItaly
60%
Jeju AirSouth Korea
60%
TAAGAngola
50%
WestJetCanada
50%
Juneyao AirlinesChina
50%
Caribbean AirlinesGuyana, Trinidad and Tobago, Jamaica
50%
Lion AirlinesIndonesia
50%
Azores AirlinesPortugal
50%
S7 AirlinesRussia
50%
jetBlue AirwaysUnited States
50%
PAL ExpressPhilippines
40%
Air TransatCanada
33%
Air DolomitiGermany
33%
Air KoryoNorth Korea
33%
silkairSingapore
33%
KululaSouth Africa
33%
Asiana AirlinesSouth Korea
33%
EVA AirTaiwan
33%
LATAMChile
25%
Copa AirlinesPanama
25%
TAROMRomania
25%
FlynasSaudi Arabia
20%
AtlasGlobalTurkey
20%
GolBrazil
0%
Azul AirlinesBrazil
0%
Porter AirlinesCanada
0%
Hainan AirlinesChina
0%
Air CaraibesFrance
0%
VistaraIndia
0%
Lion AirIndonesia
0%
PeachJapan
0%
Air AstanaKazakhstan
0%
Middle East AirlinesLebanon
0%
VolarisMexico
0%
Transavia AirlinesNetherlands
0%
KLMNetherlands
0%
ScootSingapore
0%
Vueling AirlinesSpain, Italy
0%
Pegasus AirlinesTurkey
0%
United AirlinesUnited States
0%

Score Distribution

Percentile by Number Answered

Percent of People with Each Score

Your Score History

You have not taken this quiz